00433nam a2200169Ia 4500008004000000082001600040100002400056245006100080260003200141300001000173650001300183650001100196650001100207650002200218650001200240650001100252210210b1998 xxu||||| |||| 00| 0 eng d aS491.3 JAGL aJAGANNATH (Ke Shri) aLaghudhatumanjaribVyakaran bhasha shudha sarala bhavati aTumkurbNot Mentionedc1998 ax,307 aVyakaran ashudha asarala aLaghudhatumanjary abhavati abhasha